[Event "32nd Iranian Women-ch 2022"]
[Site "Kermanshah"]
[Date "2022.03.04"]
[Round "7.4"]
[White "Heydari, Maryam"]
[Black "Mahdavi, Mahdis"]
[Result "0-1"]
[WhiteElo "1684"]
[BlackElo "1692"]
[Annotator "NA RC"]
[PlyCount "120"]
[EventDate "2022.02.28"]
[EventType "tourn"]
[EventCountry "IRI"]
[SourceTitle "playchess.com"]
[Source "ChessBase"]
[SourceQuality "1"]
[TimeControl "5400+30"]

1. d4 {[%emt 0:00:02]} Nf6 {[%emt 0:00:36]} 2. Bf4 {[%emt 0:00:36]} g6 {[%emt 0:00:36]} 3. Nf3 {[%emt 0:00:11]} Bg7 {[%emt 0:00:08]} 4. e3 {[%emt 0:00:09]} d6 {[%emt 0:00:14]} 5. h3 {[%emt 0:00:35]} O-O {[%emt 0:00:15]} 6. Nbd2 {[%emt 0:00:53]} Nc6 {[%emt 0:01:02]} 7. c3 {[%emt 1:31:34]} h6 {[%emt 0:01:56]} 8. Bd3 {[%emt 0:00:00]} e5 {[%emt 0:03:41]} 9. Bh2 {[%emt 0:00:00]} Nd7 {[%emt 0:00:44]} 10. O-O {[%emt 0:00:00]} f5 {[%emt 0:00:48]} 11. Bc4+ {[%emt 0:00:00]} Kh7 {[%emt 0:03:34]} 12. dxe5 {[%emt 0:00:00]} Ndxe5 {[%emt 0:04:17]} 13. Nxe5 {[%emt 0:00:00]} Nxe5 {[%emt 0:00:09]} 14. Bxe5 {[%emt 0:00:00]} Bxe5 {[%emt 0:01:18]} 15. Nf3 {[%emt 0:00:00]} Bg7 {[%emt 0:00:07]} 16. Bb3 {[%emt 0:00:00]} Qf6 {[%emt 0:01:59]} 17. Qd4 {[%emt 0:00:00]} Qe7 {[%emt 0:02:00]} 18. Qd3 {[%emt 0:00:00]} Bd7 {[%emt 0:01:10]} 19. Rfe1 {[%emt 0:00:00]} Rae8 {[%emt 0:01:00]} 20. Rad1 {[%emt 0:00:00]} g5 {[%emt 0:07:06]} 21. Qd5 {[%emt 0:00:00]} Bc6 {[%emt 0:06:30]} 22. Qd3 {[%emt 0:00:00]} Be4 {[%emt 0:06:54]} 23. Qe2 {[%emt 0:00:00]} Kh8 {[%emt 0:02:03]} 24. Nd2 {[%emt 0:00:00]} Bc6 {[%emt 0:00:49]} 25. Qh5 {[%emt 0:00:00]} Qf6 {[%emt 0:02:04]} 26. Qe2 {[%emt 0:00:00]} f4 {[%emt 0:07:03]} 27. e4 {[%emt 0:00:00]} Qg6 {[%emt 0:02:39]} 28. Qd3 {[%emt 0:00:00]} h5 {[%emt 0:01:48]} 29. Bd5 {[%emt 0:00:00]} g4 {[%emt 0:06:54]} 30. Bxc6 {[%emt 0:00:00]} bxc6 {[%emt 0:00:08]} 31. hxg4 {[%emt 0:02:01]} hxg4 {[%emt 0:00:13]} 32. f3 {[%emt 0:01:28]} g3 {[%emt 0:01:17]} 33. Kf1 {[%emt 0:01:34]} Re5 {[%emt 0:06:06]} 34. Ke2 {[%emt 0:00:19]} Rh5 {[%emt 0:00:02]} 35. Rh1 {[%emt 0:00:10]} Rh2 {[%emt 0:01:16]} 36. Qb1 {[%emt 0:00:46]} d5 {[%emt 0:00:36]} 37. Kd3 {[%emt 0:01:23]} Kg8 {[%emt 0:00:44]} 38. Rdg1 {[%emt 0:00:46]} c5 {[%emt 0:03:14]} 39. Qf1 {[%emt 0:02:56]} dxe4+ {[%emt 0:00:36]} 40. Nxe4 {[%emt 0:00:23]} Qa6+ {[%emt 0:01:29]} 41. Kc2 {[%emt 0:00:20]} Qxf1 {[%emt 0:01:11]} 42. Rxf1 {[%emt 0:00:06]} Rxg2+ {[%emt 0:00:05]} 43. Kc1 {[%emt 0:00:53]} Rb8 {[%emt 0:00:25]} 44. Nd2 {[%emt 0:02:24]} Rxd2 {[%emt 0:00:17]} 45. Kxd2 {[%emt 0:00:08]} g2 {[%emt 0:00:04]} 46. Kc2 {[%emt 0:00:33]} Re8 {[%emt 0:00:57]} 47. Kd2 {[%emt 0:00:43]} Re3 {[%emt 0:00:54]} 48. Re1 {[%emt 0:01:48]} gxh1=Q {[%emt 0:01:12]} 49. Rxh1 {[%emt 0:00:04]} Rxf3 {[%emt 0:00:12]} 50. Rh5 {[%emt 0:01:24]} Rf2+ {[%emt 0:00:48]} 51. Ke1 {[%emt 0:00:23]} Rxb2 {[%emt 0:00:44]} 52. Rxc5 {[%emt 0:00:12]} Rxa2 {[%emt 0:00:16]} 53. Rxc7 {[%emt 0:00:08]} f3 {[%emt 0:00:10]} 54. c4 {[%emt 0:00:39]} f2+ {[%emt 0:00:14]} 55. Kf1 {[%emt 0:00:11]} Bd4 {[%emt 0:00:05]} 56. Rc8+ {[%emt 0:00:51]} Kf7 {[%emt 0:00:06]} 57. Rc7+ {[%emt 0:00:05]} Ke6 {[%emt 0:00:04]} 58. Rc6+ {[%emt 0:00:15]} Kd7 {[%emt 0:00:09]} 59. Rg6 {[%emt 0:00:47]} Ra1+ {[%emt 0:00:12]} 60. Ke2 {[%emt 0:00:22]} f1=Q+ {[%emt 0:27:20]} 0-1

[Event "32nd Iranian Women-ch 2022"]
[Site "Kermanshah"]
[Date "2022.03.04"]
[Round "7.5"]
[White "Asadi, Motahare"]
[Black "Parvizi, Anita"]
[Result "1/2-1/2"]
[WhiteElo "2093"]
[BlackElo "1693"]
[Annotator "TA"]
[PlyCount "108"]
[EventDate "2022.02.28"]
[EventType "tourn"]
[EventCountry "IRI"]
[SourceTitle "playchess.com"]
[Source "ChessBase"]
[SourceQuality "1"]

{[%evp 9,108,39,33,27,29,2,25,16,31,0,24,24,19,22,30,10,25,14,40,45,105,97,133,58,71,63,60,61,67,59,60,29,40,50,41,27,31,20,18,16,26,19,14,15,18,23,37,0,67,58,79,28,31,12,12,8,8,8,8,8,52,52,70,66,133,120,481,464,767,478,430,345,347,314,280,239,410,135,110,23,23,0,0,0,0,0,8,0,0,0,8,8,8,0,0,0,0,0,0,0,0]} 1. d4 d5 2. Nf3 Nd7 3. c4 e6 4. e3 c5 5. cxd5 exd5 6. Nc3 {D30: Queen's Gambit Declined: Systems without Nc3.} Ngf6 7. Bb5 a6 8. Bxd7+ {White has an edge.} Qxd7 9. Ne5 {[#]} Qc7 $146 ({Predecessor:} 9... Qe6 10. Ne2 c4 11. O-O b5 12. Nf4 Qb6 13. Qf3 Be6 14. h3 Be7 15. Nxe6 fxe6 {0-1 (47) Weis,H (1340)-Steinhoff,J (1619) Verden 2008}) 10. Qa4+ $1 Bd7 11. Nxd7 Qxd7 12. Qxd7+ Kxd7 13. Na4 {aiming for Nb6+.} Kc6 {Prevents Nb6.} 14. dxc5 Kb5 (14... Bxc5 $14 15. Bd2 Ba7) 15. b3 $16 ({But not} 15. Nb6 Re8 16. b4 Kxb4 $14) 15... Ne4 16. Ba3 ({White should play} 16. Ke2 $16) 16... Nxc5 $14 17. Bxc5 Bxc5 18. Ke2 Rhe8 19. Rac1 b6 20. Kd3 {Inhibits d4.} Rac8 21. Nc3+ Kc6 $1 22. Rhd1 Rcd8 23. Ne2 {[#] Prevents d4. Strongly threatening b4.} Kb7 24. Rc2 Rd7 25. Nd4 (25. h4 {seems wilder.} Rde7 26. Nf4 d4 27. exd4 Bxd4 28. Nd5) 25... Bxd4 26. Kxd4 $11 {[%mdl 4096] Endgame KRR-KRR} f5 27. f3 Rde7 28. Rd3 Rd8 (28... g5 $11) 29. Rdc3 $14 Rde8 30. b4 ({Reject} 30. Kxd5 $6 Rd8+ 31. Kc4 Rc7+ 32. Kb4 a5+ 33. Kb5 Rd5+ 34. Ka4 Rxc3 35. Rxc3 Rd2 $11) (30. Rc6 $16) 30... g5 $11 31. a4 g4 32. a5 gxf3 $1 33. gxf3 {Hoping for Rc6.} f4 $1 34. exf4 bxa5 (34... Rf8 $1 $11) 35. bxa5 $14 Rf8 36. Kxd5 Rxf4 ({Better is} 36... Rd8+ $1 $14 37. Kc5 Ka7) 37. Kd6 $16 Ref7 {[%mdl 8192]} (37... Rff7 $16) 38. Rc7+ $18 Kb8 (38... Rxc7 $142 39. Rxc7+ Kb8 40. Rxh7 Rxf3) 39. Rc8+ Kb7 40. R2c7+ Rxc7 41. Rxc7+ {KR-KR} Kb8 42. Rxh7 Rf6+ $2 (42... Rxf3 43. Rh5 Rf6+ 44. Ke5 Rc6) 43. Kc5 $2 (43. Ke7 $18 {is the precise move to win.} Rxf3 44. h4) 43... Rf5+ $16 44. Kd4 (44. Kc6 $16) 44... Rxf3 $11 45. h4 {[#] Black must now prevent h5.} Rf5 {The position is equal.} 46. Ke4 Rxa5 47. h5 Ra1 48. Kf5 {Threatens to win with Rg7.} Rf1+ 49. Kg6 {Rg7 is the strong threat.} Rg1+ 50. Kh6 {And now Rg7 would win.} a5 51. Rf7 a4 52. Rf3 Kc7 53. Kh7 Kb6 54. h6 Kb5 {White really could win this.  Weighted Error Value: White=0.24 (precise) /Black=0.31} 1/2-1/2

[Event "32nd Iranian Women-ch 2022"]
[Site "Kermanshah"]
[Date "2022.03.04"]
[Round "7.6"]
[White "Ghomi, Parnian"]
[Black "Hamedi Nia, Vesal"]
[Result "1-0"]
[WhiteElo "2026"]
[BlackElo "1980"]
[Annotator "TA"]
[PlyCount "105"]
[EventDate "2022.02.28"]
[EventType "tourn"]
[EventCountry "IRI"]
[SourceTitle "playchess.com"]
[Source "ChessBase"]
[SourceQuality "1"]

{[%evp 14,105,0,0,0,-17,-16,0,-14,-13,25,28,29,33,49,29,30,45,98,95,139,134,132,135,106,131,138,102,197,187,195,99,109,112,153,136,152,138,140,64,42,58,191,143,143,142,172,159,152,183,181,142,192,171,189,168,852,85,77,86,134,120,178,171,190,154,362,347,388,343,329,209,325,249,544,542,533,524,1720,1664,1664,5714,5698,5610,5506,5402,2622,2484,5447,5434,5310,4870,1108,811]} 1. e4 c5 2. Nf3 Nc6 3. Bb5 d6 4. Bxc6+ bxc6 5. d3 g6 6. h3 Bg7 7. O-O e5 8. Nc3 Ne7 {B31: Sicilian: 2...Nc6 3 Bb5 g6.} 9. Nh2 O-O 10. f4 exf4 {The position is equal.} 11. Bxf4 f5 12. Qd2 d5 13. exd5 cxd5 {[#]} 14. Rfe1 $146 ({Predecessor:} 14. Bg5 Qd7 15. Bh6 d4 16. Bxg7 Kxg7 17. Ne4 fxe4 18. Rxf8 Kxf8 19. Rf1+ Kg7 20. Qg5 {0-1 (34) Lund,G (1914)-Djurhuus,R (2421) Oslo 2017}) 14... Nc6 15. Nf3 d4 (15... Nd4 $14) 16. Nb5 $16 a6 (16... Bd7 $142) 17. Nc7 Ra7 18. Ne6 {White is much more active.} Bxe6 19. Rxe6 Qc8 20. Rae1 {aiming for Bd6.} Nd8 (20... Nb4 $16) 21. Rb6 $18 {Bd6 is the strong threat.} Nf7 22. Ng5 (22. Qa5 $18) 22... Nxg5 $16 23. Bxg5 Re8 (23... a5 $142) 24. Bf4 Ra8 25. Re2 Qd7 26. Rd6 (26. b3 $16) 26... Qb7 $14 27. Qe1 Qf7 {[#]} (27... Kf7 $1 $14) 28. Rde6 ({White should try} 28. Rxa6 $3 $18 {[%cal Oa6a7][%mdl 512] Black must now prevent Ra7!} Bf8 29. Rxa8 Rxa8 30. a3) 28... Rxe6 $16 29. Rxe6 Bf6 30. Qe2 g5 31. Bd6 Rc8 32. Qe1 h6 (32... Bg7 $16) 33. Qe2 a5 34. b3 Rc6 $2 {[#]} (34... h5 35. a3 g4) 35. Re8+ $2 (35. Rxf6 $1 $18 {[%mdl 512] and the rest is easy.} Qxf6 36. Qe8+ Kh7 37. Qxc6) 35... Kg7 36. Bg3 {[%cal Bd6g3,Bg3e1,Be1f2][%mdl 32]} f4 (36... a4 $142) 37. Be1 Ra6 (37... a4 $16) 38. a4 $18 Qd7 39. Qe4 Kf7 $2 (39... Qa7 $16 {was necessary.} 40. Bd2 Qc7) 40. Rb8 {[%cal Be8b8,Bb8b6,Bb6g6][%mdl 32] And now Rb7 would win.} Re6 41. Qh7+ Bg7 42. Bf2 ({But not} 42. Qf5+ Bf6 43. Qh7+ Bg7 $18) 42... Re7 (42... Qe7 $142 43. h4 gxh4 44. Qf5+ Bf6 45. Qh7+ (45. Qxf4 Kg7 $16) 45... Bg7 46. Qf5+ Bf6 47. Qh7+ (47. Qxf4 Kg7 $16) 47... Bg7) 43. Rb6 (43. Rg8 Kf6 44. Ra8 Qf5 45. Ra6+ Re6 46. Qxf5+ Kxf5 47. Rxa5 Rc6 $18) 43... Re8 $2 (43... Re6 44. Rb5 (44. Rb8 Qe7 $16) 44... Rg6) 44. Rg6 {[%csl Gg6][%cal Rh7g7] White is clearly winning.} Rg8 45. Rxh6 Qe7 46. Qg6+ Kf8 47. Qf5+ Qf7 48. Qxc5+ Qe7 49. Qc8+ Qe8 50. Rc6 {White threatens Qf5+ and mate.} Qxc8 51. Rxc8+ Kf7 52. Rxg8 Kxg8 53. Be1 {Weighted Error Value: White=0.32/Black=0.41} 1-0

[Event "32nd Iranian Women-ch 2022"]
[Site "Kermanshah"]
[Date "2022.03.05"]
[Round "8.1"]
[White "Asgharzadeh, Mitra"]
[Black "Hamedi Nia, Vesal"]
[Result "1-0"]
[WhiteElo "1950"]
[BlackElo "1980"]
[Annotator "TA"]
[PlyCount "81"]
[EventDate "2022.02.28"]
[EventType "tourn"]
[EventCountry "IRI"]
[SourceTitle "playchess.com"]
[Source "ChessBase"]
[SourceQuality "1"]

{[%evp 12,81,12,0,1,0,0,-8,18,20,12,2,39,14,14,0,21,10,7,14,17,6,9,0,0,0,0,0,10,10,10,0,0,-24,-23,-24,-29,-37,0,0,0,-37,0,-95,-89,-100,-100,-97,-98,-108,-105,-109,0,0,258,64,254,256,1750,1678,12831,12821,6612,5273,29995,29996,29996,29997,29997,29998,29998,29999]} 1. Nf3 g6 2. d4 Bg7 3. Bf4 Nf6 4. e3 d6 5. h3 O-O 6. Be2 Nc6 7. O-O e5 {A48: 1 d4 Nf6 2 Nf3 g6: Torre, London and Colle Systems.} 8. Bh2 $1 {[%cal Rd4e5] 8.Bh2 is better than 8.dxe5.} exd4 9. exd4 Bf5 {The position is equal.} 10. c3 Re8 11. Nbd2 Ne4 12. Nxe4 Bxe4 {[#]} 13. Bc4 $146 ({Predecessor:} 13. Bd3 Bxd3 14. Qxd3 Qd7 15. Qb5 a6 16. Qb3 Na5 17. Qc2 Bh6 18. Rae1 Rxe1 19. Rxe1 {0-1 (66) Grachev,B (2611)-Zakaryan,D (2311) Tuapse 2021}) 13... a6 14. Re1 Na5 15. Bf1 b5 16. a4 Bc6 17. Rxe8+ Qxe8 18. axb5 axb5 19. d5 Bd7 20. Nd2 {[%cal Bf3d2,Bd2b1,Bb1a3][%mdl 32]} Bh6 21. Ra3 Nb7 {[%cal Ba5b7,Bb7c5,Bc5a4][%mdl 32]} 22. Nb1 Nc5 23. Rxa8 Qxa8 24. Na3 Na4 {[%cal Oa4c3]} 25. Qb3 Nc5 26. Qd1 Na4 {[%cal Oa4c3]} 27. Bxb5 {[#]} (27. Qb3 $11 {remains equal.}) 27... Nxb2 $1 $17 {[%mdl 64] Discovered Attack} 28. Qb3 (28. Qe2 Qxa3) 28... Bxb5 29. Qxb2 Bd3 {This bishop pair is nice.} 30. c4 Qa4 {[%cal Ra4d1]} 31. Bg3 Qd1+ ({Better is} 31... Bxc4 $17 32. Qb8+ Bf8 33. Nxc4 Qxc4) 32. Kh2 $11 {[#] Strongly threatening Qb8+.} Bc1 $2 {[%mdl 8192]} (32... Qd2 $11 {and Black has nothing to worry.} 33. Qb8+ Kg7) 33. Qb8+ $18 Kg7 {Black cannot hold the game after this.} 34. Nb5 Bxc4 $2 (34... Qf1 35. Qa7 Kg8) 35. Nxc7 Bxd5 36. Ne8+ ({Not} 36. Nxd5 Qxd5 37. Bxd6 g5 $16) 36... Kh6 37. Qxd6 {Bf4+ would kill now.} Qe2 38. Bf4+ {White mates.} Bxf4+ 39. Qxf4+ g5 40. Qf6+ Kh5 41. Ng7+ {Weighted Error Value: White=0.10 (very precise) /Black=0.49} 1-0

[Event "32nd Iranian Women-ch 2022"]
[Site "Kermanshah"]
[Date "2022.03.05"]
[Round "8.2"]
[White "Parvizi, Anita"]
[Black "Ghomi, Parnian"]
[Result "0-1"]
[WhiteElo "1693"]
[BlackElo "2026"]
[Annotator "TA"]
[PlyCount "94"]
[EventDate "2022.02.28"]
[EventType "tourn"]
[EventCountry "IRI"]
[SourceTitle "playchess.com"]
[Source "ChessBase"]
[SourceQuality "1"]

{[%evp 9,94,11,11,12,20,18,18,15,10,14,18,10,18,0,14,8,56,47,78,25,23,33,68,46,74,25,25,28,30,8,26,0,0,0,0,0,0,0,0,-15,0,-150,-57,-60,-66,-356,-358,-352,-352,-352,-337,-531,-302,-803,-580,-935,-933,-917,-912,-1229,-1031,-1008,-987,-954,-937,-1510,-1504,-1422,-1114,-1170,-1083,-1220,-1225,-1210,-1202,-1176,-1142,-1107,-1092,-1092,-1061,-1427,-1379,-1817,-1770,-29975,-29960]} 1. e4 e6 2. d4 d5 3. Bd3 c5 4. exd5 exd5 5. Nf3 c4 6. Be2 {C01: French: Exchange Variation.} Nf6 7. b3 cxb3 8. axb3 {The position is equal.} Nc6 {[%cal Bb8c6,Bc6e7,Be7g6,Bg6f4,Bf4h3][%mdl 32]} 9. O-O Bd6 10. c4 O-O 11. Bg5 Be7 {[#]} 12. Nc3 $146 {Threatening Bxf6.} ({Predecessor:} 12. h3 h6 13. Be3 Ne4 14. Qc1 Bf6 15. Nc3 Ne7 16. Bf4 Be6 17. Rd1 Nxc3 18. Qxc3 {½-½ (37) Juhasz,B (2190)-Kun,G (2284) Hungary 2019}) 12... Ne4 (12... Be6 $11) 13. Bxe7 $14 Nxe7 14. Qc2 ({White should play} 14. Nxe4 $16 dxe4 15. Ne1) 14... Nxc3 15. Qxc3 Ng6 16. Qd2 Qd6 17. Ra5 (17. Rfe1 $16) 17... Nf4 18. c5 Qf6 {[%cal Oc8h3] Hoping for ...Bh3!} 19. Rfa1 a6 20. Bd3 Nh3+ 21. Kf1 $1 Nf4 22. b4 Qh6 $40 {[%mdl 128] aiming for ...Bg4. Black has some attack.} 23. Kg1 Bg4 {Strongly threatening ...Bxf3.} 24. Qe3 f6 {Inhibits Ne5.} (24... Rae8 $5 25. Ne5 Bc8 $11) 25. Ne1 (25. Bf1 $11) 25... Rfe8 {Black is more active.} (25... Rae8 $17 26. Qg3 Be2) 26. Qg3 $15 Be2 {Threatens to win with ...Bxd3.} 27. Bc2 {[%mdl 8192] [#] Now White is beyond hope.} (27. R5a2 $1 $15) 27... Bd1 $1 $19 {[%cal Re8e1,Be2d1,Bd1c2,Bc2e4,Be4g6,Bg6d3][%mdl 544]} 28. Kf1 {[#]} ({Don't blunder} 28. Bxh7+ $2 Qxh7 29. Rxd1 Ne2+ 30. Kh1 Nxg3+ $19) 28... Rxe1+ {[%mdl 512]} 29. Kxe1 Bxc2 30. R5a3 (30. Kd2 {was the only chance.} Be4 31. b5 Nxg2+ 32. Kc3) 30... Be4 31. f3 $2 (31. c6 Re8 32. cxb7) 31... Bg6 {White must now prevent ...Re8+.} 32. Rd1 Re8+ 33. Kf1 {[#]} Bd3+ $1 {[%mdl 512]} 34. Kf2 (34. Raxd3 Nxd3) 34... Re2+ 35. Kg1 Rxg2+ 36. Qxg2 Nxg2 37. Raxd3 Ne3 38. R1d2 Qg5+ 39. Kf2 Nf5 40. Re2 Qf4 {[%csl LRd4,LRh2]} 41. Kg2 Nh4+ 42. Kf2 Qxh2+ 43. Ke3 Nf5+ 44. Kd2 Qf4+ 45. Kc3 h5 46. b5 axb5 {( -> ...Qc1+)} 47. Kb4 Nxd4 {Weighted Error Value: White=0.83/Black=0.33} 0-1

[Event "32nd Iranian Women-ch 2022"]
[Site "Kermanshah"]
[Date "2022.03.05"]
[Round "8.3"]
[White "Mahdavi, Mahdis"]
[Black "Asadi, Motahare"]
[Result "1/2-1/2"]
[WhiteElo "1692"]
[BlackElo "2093"]
[Annotator "TA"]
[PlyCount "128"]
[EventDate "2022.02.28"]
[EventType "tourn"]
[EventCountry "IRI"]
[SourceTitle "playchess.com"]
[Source "ChessBase"]
[SourceQuality "1"]

{[%evp 9,128,62,59,58,46,39,48,33,39,27,19,25,28,24,38,-3,-9,-29,12,-11,-16,-1,-20,-16,0,0,0,-3,13,25,27,26,202,207,197,198,197,202,193,196,309,307,288,298,251,209,178,128,202,195,214,5,123,118,126,118,100,0,0,0,0,0,0,0,0,0,0,0,0,0,0,0,0,0,0,0,0,0,0,0,0,0,0,0,0,0,0,0,0,0,0,0,0,0,0,0,0,0,0,0,0,0,0,0,0,0,0,0,0,0,0,0,0,0,0,0,0,0,0,0,0]} 1. e4 {[%cal Be2e4,Be4e5][%mdl 32]} c6 2. d4 g6 3. f4 d5 4. e5 Bg7 5. Nf3 Nh6 6. Be3 {B06: Modern Defence.} O-O 7. Be2 f6 8. c3 {White is slightly better.} fxe5 9. fxe5 Bg4 {[%cal Oc6c5]} 10. O-O {[#]} Nf5 $146 ({Predecessor:} 10... Na6 11. h3 Bxf3 12. Bxf3 Nf5 13. Bf2 e6 14. Qe1 Bh6 15. Na3 Qg5 16. Nc2 Rac8 {1-0 (60) Popa,C (2193)-Blasco,D (1992) Imperia 2006}) 11. Bf2 e6 12. Qd3 (12. Ne1 $14 Bxe2 13. Qxe2) 12... c5 $11 13. dxc5 Nc6 (13... Nd7 {deserves consideration.}) 14. Nd4 Nxe5 15. Qd1 Bxe2 16. Qxe2 Qe7 17. Nd2 {[%cal Bb1d2,Bd2f3,Bf3e5][%mdl 32]} Rae8 18. Rae1 Qg5 19. N4f3 Nxf3+ 20. Nxf3 Qh5 {[#]} (20... Qd8 $11 {and Black has nothing to worry.}) 21. Qb5 $1 $18 g5 22. Qxb7 g4 {[#]} 23. Ne5 g3 24. hxg3 {Black must now prevent g4. Active counter play!} Nh6 {[#] To avoid g4} (24... Bxe5 $142 25. Rxe5 Qg6) 25. g4 $1 Nxg4 26. Nxg4 {Really sharp!} Qxg4 27. Re3 {Rg3 is the strong threat.} ({Resist} 27. Qxa7 Rf7 28. Qa6 Rf6 $18) 27... Rf7 (27... Rb8 $2 28. Qxa7 Ra8 29. Qd7 $18) 28. Rg3 Rxb7 (28... Qe2 $16 29. Qxf7+ Kxf7 30. Bd4+ Qxf1+ 31. Kxf1 e5) 29. Rxg4 Rxb2 30. c4 $2 ({Only move:} 30. c6 $18) 30... Rc2 (30... Rb4 $1 $11) 31. cxd5 $16 exd5 32. Bd4 Re7 33. Rb1 (33. Rf5 $16 {Threatens to win with Rfg5.} h6 34. Rxd5) 33... h6 $11 {The position is equal.} 34. Rb8+ Kh7 35. Rxg7+ Rxg7 36. Bxg7 Kxg7 {[%mdl 4096] Endgame KR-KR} 37. Rb7+ Kf6 38. Rxa7 d4 39. Kf1 Ke5 40. Rh7 d3 41. Ke1 Kd4 42. Rxh6 Kc3 43. Rd6 Re2+ (43... Rxg2 $5 44. c6 Re2+ 45. Kf1 Rc2 $11) 44. Kf1 Re7 45. c6 {aiming for Rd7.} d2 46. Kf2 Kc2 47. Kf3 d1=Q+ 48. Rxd1 Kxd1 {KR-K3P} 49. g4 {[%cal Bg2g4,Bg4g5,Bg5g6,Bg6g7][%mdl 32]} Rc7 50. g5 Rxc6 {( -> ...Rc4). KR-KPP} 51. Kf4 Ke2 52. Kf5 Ke3 53. g6 Rc7 54. Kf6 Rc6+ 55. Kf5 Rc7 56. Kf6 Rc6+ 57. Kf5 Rc8 58. g7 Kd4 59. Ke6 Ke4 60. Kf7 Rc7+ 61. Kf6 Rc8 62. Kf7 Rc7+ 63. Kf6 Rc8 64. Kf7 Ke5 {Blacks defense is rewarded with a draw.  Weighted Error Value: White=0.13 (very precise) /Black=0.14 (very precise)} 1/2-1/2

[Event "32nd Iranian Women-ch 2022"]
[Site "Kermanshah"]
[Date "2022.03.05"]
[Round "8.4"]
[White "Paktinat, Zhina"]
[Black "Heydari, Maryam"]
[Result "1-0"]
[WhiteElo "1903"]
[BlackElo "1684"]
[Annotator "TA"]
[PlyCount "63"]
[EventDate "2022.02.28"]
[EventType "tourn"]
[EventCountry "IRI"]
[SourceTitle "playchess.com"]
[Source "ChessBase"]
[SourceQuality "1"]

{[%evp 15,63,48,86,67,86,24,80,19,28,45,16,32,104,56,60,50,52,43,58,64,141,147,142,66,155,129,110,108,124,116,126,142,179,177,239,236,501,491,631,610,630,626,626,612,626,620,627,620,637,635]} 1. e4 c5 2. Nf3 g6 3. d4 cxd4 4. Nxd4 Bg7 5. c4 Nc6 6. Be3 Nf6 7. Nc3 O-O 8. Be2 e6 9. Ndb5 {B38: Sicilian: Maroczy Bind with 5...Bg7 and 7...0-0.} Ne8 10. Bc5 (10. Qd2 $16) 10... Ne7 {[#]} (10... d6 $1 $11 11. Nxd6 Qg5) 11. Nxa7 $146 {White is much more active.} (11. Bxa7 $16 {Black must now prevent Bd4.} f5 12. exf5) ({Predecessor:} 11. O-O b6 12. Bb4 a6 13. Nd6 Nxd6 14. Bxd6 Re8 15. e5 Bb7 16. f4 Nf5 17. Qd3 {1-0 (28) Smolka,M (2189)-Jaromin,M Chorzow 2021}) 11... b6 $11 12. Bxe7 Qxe7 13. Nab5 Qb4 (13... Ba6 $14) 14. Qc2 (14. O-O $16) 14... Ba6 15. a3 Qc5 16. O-O Bxb5 17. Nxb5 d5 ({Better is} 17... Nd6 $14 18. Nxd6 Qxd6) 18. exd5 $16 exd5 {[#]} 19. Rac1 (19. b4 $1 $16 {[%cal Rb4c5]} Qc6 20. Rac1) 19... Bh6 ({Black should try} 19... dxc4 $1 $14 20. Bxc4 Nd6) 20. Rcd1 dxc4 21. Qxc4 ({Much worse is} 21. Bxc4 $6 Rc8 22. b3 Qxb5 23. Bxf7+ Kxf7 $11) 21... Qxc4 22. Bxc4 Bg7 23. b3 Rc8 24. Rfe1 Rc5 (24... Nf6 $142 25. Rd6 Rfe8) 25. Re7 $18 Be5 $2 (25... Rc8 26. g3 Bf6) 26. Re1 {White is clearly winning.} Nd6 27. R7xe5 Rxe5 28. Rxe5 Nxc4 29. bxc4 Rd8 {[#] ( -> ...Rd1+)} 30. Rd5 {Inhibits Rd1+.} Rc8 31. Rd4 Re8 {[%cal Re8e1]} 32. Kf1 {Inhibits Re1+.  Weighted Error Value: White=0.19 (very precise) /Black=0.45} 1-0

[Event "32nd Iranian Women-ch 2022"]
[Site "Kermanshah"]
[Date "2022.03.05"]
[Round "8.5"]
[White "Zahedifar, Anahita"]
[Black "Mahdian, Anousha"]
[Result "0-1"]
[WhiteElo "2213"]
[BlackElo "2179"]
[Annotator "TA"]
[PlyCount "90"]
[EventDate "2022.02.28"]
[EventType "tourn"]
[EventCountry "IRI"]
[SourceTitle "playchess.com"]
[Source "ChessBase"]
[SourceQuality "1"]

{[%evp 9,90,-1,3,-14,-16,-51,-24,-41,-11,-41,-1,-4,-1,-18,25,22,47,43,54,50,60,35,53,54,62,53,64,6,0,0,0,0,0,-8,-9,-46,-31,-63,-45,-202,-130,-141,-133,-196,-210,-257,-261,-260,-252,-462,-447,-443,-440,-418,-357,-415,-279,-458,-448,-450,-458,-444,-436,-621,-637,-623,-575,-553,-510,-575,-566,-559,-532,-783,-783,-2575,-2260,-1923,-768,-754,-749,-783,-768]} 1. d4 d5 2. c4 c6 3. Nc3 Nf6 4. Nf3 dxc4 5. g3 g6 6. Bg2 {D15: Slav Defence: 4 Nc3 a6 and gambit lines after 4 Nc3 dxc4.} Bg7 7. Ne5 Be6 (7... Ng4 {looks sharper.} 8. f4 Na6 9. O-O O-O 10. Nf3 f5) 8. e4 {Black has an edge.} Nbd7 9. Nf3 h6 10. O-O O-O 11. a4 {[#]} a5 $146 (11... Bg4 $142) ({Predecessor:} 11... Bg4 12. Qe2 e5 13. Rd1 Qe7 14. Qxc4 exd4 15. Rxd4 Bxf3 16. Bxf3 Ne5 17. Qe2 Nxf3+ 18. Qxf3 {0-1 (72) Foussard,G (1950)-Eden,J (2129) Avoine 2012}) 12. h3 $11 {[%mdl 1024] White has compensation.} Ne8 13. Qe2 Nb6 14. Be3 $1 Nd6 15. g4 Kh7 16. Rad1 Ra6 17. Nd2 Qc8 18. f4 (18. Rfe1 $14) 18... f5 {[%cal Rf5g4]} 19. gxf5 gxf5 20. e5 Ne8 {[%cal Bd6e8,Be8c7,Bc7d5,Bd5b4,Bb4d3][%mdl 32]} 21. Rc1 Nc7 22. Bf2 Ncd5 23. Bh4 Qd7 24. Qf2 $2 {Now White is beyond hope.} (24. Nxd5 $15 cxd5 25. b3) 24... Nb4 25. Qe3 Rd8 26. Nf3 (26. Rfd1 $17 {was necessary.}) 26... N6d5 $19 27. Qd2 Nd3 28. Nxd5 Bxd5 29. Kh2 $2 (29. Rc3) 29... Nxc1 30. Qxc1 b5 {[%cal Bb7b5,Bb5b4,Bb4c3][%mdl 32]} 31. Rg1 Qe6 32. Qe1 b4 33. Qg3 $2 (33. Bf2) 33... Rg8 {[%cal Og7e5] Black is clearly winning.} 34. Qf2 c3 35. bxc3 bxc3 {aiming for ...Rb6.} 36. Qc2 (36. Rc1 $142) 36... Rb6 {[#] Hoping for ...Bxf3.} 37. Ne1 Bxg2 38. Rxg2 Bf8 39. Qxc3 Rxg2+ 40. Nxg2 Qd5 41. Qd3 e6 {Threatens to win with ...Rb2.} 42. Ne3 Rb2+ 43. Kg3 {[#]} Qb3 (43... Rb3 $142 $1 {[%mdl 512]} 44. Nxd5 Rxd3+ 45. Ne3 Rxe3+ 46. Kf2 Rd3) 44. Qxb3 Rxb3 45. Kf2 Rb4 {[%csl LRa4,LRd4] Weighted Error Value: White=0.54/Black=0.26 (precise)} 0-1